[Event "Pardubice Region-chT 2223"]
[Site "Czech Republic"]
[Date "2023.01.29"]
[Round "7.4"]
[White "Malivanek, Jiri"]
[Black "Sukdolak, Radek"]
[Result "1-0"]
[WhiteElo "2060"]
[BlackElo "1968"]
[PlyCount "57"]
[EventDate "2022.10.09"]
[EventType "team-tourn"]
[EventRounds "11"]
[EventCountry "CZE"]
[SourceTitle "EXT 2024"]
[Source "ChessBase"]
[SourceDate "2023.10.10"]
[SourceVersion "1"]
[SourceVersionDate "2023.10.10"]
[SourceQuality "1"]

1. e4 c5 2. Ne2 Nc6 3. c4 e5 4. Nbc3 d6 5. d3 f5 6. f4 Nf6 7. Ng3 Nd4 8. Be2 Be7 9. 0-0 0-0 10. Nxf5 Bxf5 11. exf5 Qd7 12. g4 a6 13. Bf3 Nxf3+ 14. Qxf3 Rab8 15. Be3 b5 16. b3 Ne8 17. fxe5 dxe5 18. Rad1 Nc7 19. Ne4 Qc6 20. Nxc5 Qxf3 21. Rxf3 Rbd8 22. Kg2 Rfe8 23. Ne4 Rd7 24. Kf2 Red8 25. Ke2 Ne8 26. g5 Nd6 27. Nc5 bxc4 28. dxc4 e4 29. Rff1 1-0

[Event "CZE-chT2D 1920"]
[Site "Czech Republic"]
[Date "2020.01.12"]
[Round "6.3"]
[White "Mojzis, Jan"]
[Black "Malivanek, Jiri"]
[Result "1/2-1/2"]
[WhiteElo "2154"]
[BlackElo "2073"]
[PlyCount "57"]
[EventDate "2019.10.13"]
[EventType "team-tourn"]
[EventRounds "11"]
[EventCountry "CZE"]
[SourceTitle "EXT 2024"]
[Source "ChessBase"]
[SourceDate "2023.10.10"]
[SourceVersion "1"]
[SourceVersionDate "2023.10.10"]
[SourceQuality "1"]
[WhiteTeam "Nachod Snezka"]
[BlackTeam "Chrudim"]
[WhiteTeamCountry "CZE"]
[BlackTeamCountry "CZE"]

1. e4 e6 2. d4 d5 3. Nd2 Be7 4. Bd3 c5 5. exd5 exd5 6. dxc5 Bxc5 7. Ngf3 Nf6 8. 0-0 0-0 9. Nb3 Bd6 10. Bg5 Nc6 11. c3 Bg4 12. h3 Bh5 13. g4 Bg6 14. Nbd4 Re8 15. Nf5 Bc5 16. b4 Bb6 17. Qb3 Qc7 18. Kg2 Ne4 19. Bh4 Qd7 20. Rad1 Bxf5 21. gxf5 Qxf5 22. Bb1 Ne5 23. Nxe5 Qxe5 24. Qxd5 Nxc3 25. Qxe5 Rxe5 26. Rd7 f5 27. Bg3 Re2 28. Bd3 Ree8 29. Rxb7 1/2-1/2

[Event "CZE-chT2D 1920"]
[Site "Czech Republic"]
[Date "2019.12.15"]
[Round "5.4"]
[White "Fisar, Josef"]
[Black "Malivanek, Jiri"]
[Result "1/2-1/2"]
[WhiteElo "2063"]
[BlackElo "2073"]
[PlyCount "76"]
[EventDate "2019.10.13"]
[EventType "team-tourn"]
[EventRounds "11"]
[EventCountry "CZE"]
[SourceTitle "EXT 2024"]
[Source "ChessBase"]
[SourceDate "2023.10.10"]
[SourceVersion "1"]
[SourceVersionDate "2023.10.10"]
[SourceQuality "1"]
[WhiteTeam "Zdar nad Sazavou"]
[BlackTeam "Chrudim"]
[WhiteTeamCountry "CZE"]
[BlackTeamCountry "CZE"]

1. e4 e6 2. d4 d5 3. Nc3 Bb4 4. exd5 exd5 5. Bd3 c5 6. a3 Bxc3+ 7. bxc3 Nf6 8. dxc5 0-0 9. Ne2 Qc7 10. 0-0 Qxc5 11. Be3 Qd6 12. Bf4 Qd8 13. c4 Nc6 14. Nc3 Bg4 15. Qd2 dxc4 16. Bxc4 Qxd2 17. Bxd2 Bf5 18. Rfb1 Rfd8 19. Bg5 Rd4 20. Ba2 b6 21. Bxf6 gxf6 22. Nd5 Kg7 23. Ne3 Be6 24. Bxe6 fxe6 25. Rd1 Rad8 26. Rxd4 Rxd4 27. Rd1 Rxd1+ 28. Nxd1 Nd4 29. c3 Nb5 30. a4 Nd6 31. Kf1 Kf7 32. Ke2 e5 33. Kd3 Ke6 34. c4 f5 35. Nc3 Nb7 36. g3 Nc5+ 37. Ke3 a6 38. f3 h5 1/2-1/2

[Event "CZE-chT2D 1819"]
[Site "Czech Republic"]
[Date "2019.03.31"]
[Round "11.6"]
[White "Svizensky, Lubos"]
[Black "Malivanek, Jiri"]
[Result "1/2-1/2"]
[WhiteElo "1937"]
[BlackElo "2045"]
[PlyCount "57"]
[EventDate "2018.10.14"]
[EventType "team-tourn"]
[EventRounds "11"]
[EventCountry "CZE"]
[SourceTitle "EXT 2022"]
[Source "ChessBase"]
[SourceDate "2021.10.06"]
[SourceVersion "1"]
[SourceVersionDate "2021.10.06"]
[SourceQuality "1"]
[WhiteTeam "Dalesice Pivovar"]
[BlackTeam "Chrudim"]
[WhiteTeamCountry "CZE"]
[BlackTeamCountry "CZE"]

1. d4 d5 2. c4 e6 3. Nf3 c6 4. Nc3 Nf6 5. e3 Nbd7 6. Bd3 dxc4 7. Bxc4 b5 8. Bd3 a6 9. 0-0 Bb7 10. a3 Bd6 11. Re1 0-0 12. e4 e5 13. Bg5 Qb6 14. dxe5 Nxe5 15. Nxe5 Bxe5 16. Be3 Qc7 17. h3 Rad8 18. Qe2 c5 19. Rac1 Rfe8 20. Nxb5 axb5 21. Bxb5 Nxe4 22. Bxe8 Rxe8 23. Qb5 Bc6 24. Qe2 Qb7 25. f3 Nf6 26. Qc2 Bg3 27. Bf2 Bf4 28. Rxe8+ Bxe8 29. Rd1 1/2-1/2

[Event "CZE-chT2D 1819"]
[Site "Czech Republic"]
[Date "2019.02.24"]
[Round "9.5"]
[White "Malivanek, Jiri"]
[Black "Sykora, Josef"]
[Result "1-0"]
[WhiteElo "2045"]
[BlackElo "2058"]
[PlyCount "81"]
[EventDate "2018.10.14"]
[EventType "team-tourn"]
[EventRounds "11"]
[EventCountry "CZE"]
[SourceTitle "EXT 2022"]
[Source "ChessBase"]
[SourceDate "2021.10.06"]
[SourceVersion "1"]
[SourceVersionDate "2021.10.06"]
[SourceQuality "1"]
[WhiteTeam "Chrudim"]
[BlackTeam "Pardubice Rapid"]
[WhiteTeamCountry "CZE"]
[BlackTeamCountry "CZE"]

1. e4 d5 2. Nc3 dxe4 3. Nxe4 Nd7 4. Bc4 e6 5. Nf3 Ngf6 6. d3 Be7 7. Qe2 b6 8. Bd2 Bb7 9. Neg5 Nd5 10. h4 h6 11. Ne4 Bf6 12. 0-0-0 Qe7 13. g4 Be5 14. Nxe5 Nxe5 15. Bb3 Nc6 16. c3 0-0-0 17. f4 Na5 18. Bc2 Nf6 19. g5 Nxe4 20. dxe4 hxg5 21. hxg5 Kb8 22. Be3 Rxd1+ 23. Rxd1 Nc6 24. Qf2 a5 25. Qg3 g6 26. f5 gxf5 27. exf5 exf5 28. Bxb6 Bc8 29. Be3 Be6 30. Kb1 Kb7 31. Qf3 f4 32. Bxf4 Rh3 33. Qg2 Qc5 34. Bc1 Kb8 35. Ka1 Ne7 36. Rd8+ Nc8 37. Bb3 Qe5 38. Re8 Qe1 39. Qc2 Rh1 40. Kb1 Bxb3 41. Qxb3+ 1-0

[Event "CZE-chT2D 1718"]
[Site "Czech Republic"]
[Date "2018.01.14"]
[Round "6.2"]
[White "Karasek, Lukas"]
[Black "Malivanek, Jiri"]
[Result "1-0"]
[WhiteElo "2304"]
[BlackElo "2077"]
[PlyCount "93"]
[EventDate "2017.10.15"]
[EventType "team-tourn"]
[EventRounds "11"]
[EventCountry "CZE"]
[SourceTitle "EXT 2022"]
[Source "ChessBase"]
[SourceDate "2021.10.06"]
[SourceVersion "1"]
[SourceVersionDate "2021.10.06"]
[SourceQuality "1"]
[WhiteTeam "Dalesice Pivovar"]
[BlackTeam "Pardubice Eurobit"]
[WhiteTeamCountry "CZE"]
[BlackTeamCountry "CZE"]

1. Nf3 Nf6 2. c4 c6 3. g3 d5 4. Qc2 g6 5. b3 Bg7 6. Bb2 0-0 7. Bg2 Bf5 8. d3 Qc8 9. h3 Na6 10. a3 Rd8 11. Nbd2 Bd7 12. Rc1 Nc7 13. Kf1 Nce8 14. Kg1 Nd6 15. Kh2 Nfe8 16. Ne5 Be6 17. e4 dxe4 18. dxe4 f6 19. Nef3 Nf7 20. Rhe1 Qc7 21. c5 Bh6 22. Rcd1 Ng5 23. Nd4 Bf7 24. h4 Ne6 25. N4f3 N8g7 26. Bf1 b5 27. cxb6 axb6 28. Nc4 Nc5 29. b4 Na4 30. Ba1 Ne6 31. Rxd8+ Qxd8 32. Ne3 Qc7 33. Ng4 Bg7 34. Qc1 b5 35. Nh6+ Bxh6 36. Qxh6 Qd8 37. Bh3 Qf8 38. Qe3 Qd8 39. h5 Kg7 40. h6+ Kf8 41. Bxe6 Bxe6 42. e5 Bd5 43. exf6 exf6 44. Qf4 Bxf3 45. Qxf3 Kf7 46. Qxc6 Rb8 47. Qe6+ 1-0

[Event "CZE-chT2D 1617"]
[Site "Czech Republic"]
[Date "2017.03.19"]
[Round "10.5"]
[White "Malivanek, Jiri"]
[Black "Hrabal, Michal"]
[Result "0-1"]
[WhiteElo "2146"]
[BlackElo "2091"]
[PlyCount "56"]
[EventDate "2016.10.09"]
[EventType "team-tourn"]
[EventRounds "11"]
[EventCountry "CZE"]
[SourceTitle "EXT 2022"]
[Source "ChessBase"]
[SourceDate "2021.10.06"]
[SourceVersion "1"]
[SourceVersionDate "2021.10.06"]
[SourceQuality "1"]
[WhiteTeam "Pardubice Rapid II"]
[BlackTeam "Jihlava Gambit"]
[WhiteTeamCountry "CZE"]
[BlackTeamCountry "CZE"]

1. e4 e5 2. Nf3 Nc6 3. Bc4 Nf6 4. d3 Be7 5. Bb3 d6 6. c3 0-0 7. 0-0 h6 8. Nbd2 Nh7 9. d4 Ng5 10. Re1 Bg4 11. h3 Bh5 12. Bd5 exd4 13. cxd4 Nxd4 14. Bxb7 Rb8 15. Ba6 Ndxf3+ 16. Nxf3 Bxf3 17. gxf3 Nxh3+ 18. Kh2 Qd7 19. Bf1 Ng5 20. f4 Nh7 21. Bh3 Qc6 22. f3 Rb5 23. Rg1 Bf6 24. Rg2 Rfb8 25. Rb1 Rh5 26. b3 Qc5 27. f5 Ng5 28. Rxg5 Qf2+ 0-1

[Event "CZE-chT2D 1617"]
[Site "Czech Republic"]
[Date "2017.02.12"]
[Round "8.5"]
[White "Malivanek, Jiri"]
[Black "Lampir, Tomas"]
[Result "0-1"]
[WhiteElo "2146"]
[BlackElo "2055"]
[PlyCount "38"]
[EventDate "2016.10.09"]
[EventType "team-tourn"]
[EventRounds "11"]
[EventCountry "CZE"]
[SourceTitle "EXT 2022"]
[Source "ChessBase"]
[SourceDate "2021.10.06"]
[SourceVersion "1"]
[SourceVersionDate "2021.10.06"]
[SourceQuality "1"]
[WhiteTeam "Pardubice Rapid II"]
[BlackTeam "Dalesice Pivovar"]
[WhiteTeamCountry "CZE"]
[BlackTeamCountry "CZE"]

1. e4 e5 2. Nf3 Nc6 3. Bb5 f5 4. d4 fxe4 5. Nxe5 Nxe5 6. dxe5 c6 7. Be2 Qa5+ 8. Nc3 Qxe5 9. 0-0 Bc5 10. Nxe4 Qxe4 11. Bh5+ Kd8 12. Re1 Qf5 13. Re8+ Kc7 14. Qe2 b6 15. Be3 Bxe3 16. fxe3 Bb7 17. Rf1 Qc5 18. Rxa8 Bxa8 19. Rf7 Nf6 0-1

[Event "CZE-chT2D 1516"]
[Site "Czech Republic"]
[Date "2015.12.06"]
[Round "4.3"]
[White "Nemec, Zbynek"]
[Black "Malivanek, Jiri"]
[Result "0-1"]
[WhiteElo "2209"]
[BlackElo "2104"]
[PlyCount "74"]
[EventDate "2015.10.18"]
[EventType "team-tourn"]
[EventRounds "11"]
[EventCountry "CZE"]
[SourceTitle "EXT 2022"]
[Source "ChessBase"]
[SourceDate "2021.10.06"]
[SourceVersion "1"]
[SourceVersionDate "2021.10.06"]
[SourceQuality "1"]
[WhiteTeam "Hradec Kralove II"]
[BlackTeam "Chrudim"]
[WhiteTeamCountry "CZE"]
[BlackTeamCountry "CZE"]

1. f4 c5 2. Nf3 Nc6 3. g3 Nf6 4. Bg2 g6 5. 0-0 Bg7 6. d3 d6 7. e4 0-0 8. h3 Rb8 9. Nc3 b5 10. Be3 a5 11. Qd2 a4 12. Rab1 Qa5 13. g4 Nd7 14. d4 b4 15. Ne2 Ba6 16. Rfe1 Rfd8 17. b3 Na7 18. a3 Bxe2 19. axb4 cxb4 20. Qxe2 Nb5 21. Qd3 Nc3 22. Ra1 a3 23. Bd2 Rbc8 24. e5 dxe5 25. fxe5 Nc5 26. Qe3 Ne6 27. Kh1 Qb6 28. Qf2 Nd5 29. c4 bxc3 30. Bc1 Qxb3 31. Rxa3 Qb1 32. Rf1 Rf8 33. Ra5 Qb3 34. Ne1 Nec7 35. Nd3 f6 36. Qe2 fxe5 37. Rxf8+ Rxf8 0-1

[Event "CZE-chT2D 1415"]
[Site "Czech Republic"]
[Date "2015.01.11"]
[Round "5.5"]
[White "Malivanek, Jiri"]
[Black "Maly, Marek1111"]
[Result "1/2-1/2"]
[WhiteElo "2124"]
[BlackElo "2158"]
[PlyCount "85"]
[EventDate "2014.11.02"]
[EventType "team-tourn"]
[EventRounds "11"]
[EventCountry "CZE"]
[SourceTitle "EXT 2022"]
[Source "ChessBase"]
[SourceDate "2021.10.06"]
[SourceVersion "1"]
[SourceVersionDate "2021.10.06"]
[SourceQuality "1"]
[WhiteTeam "Pardubice AKIS"]
[BlackTeam "Velke Losiny"]
[WhiteTeamCountry "CZE"]
[BlackTeamCountry "CZE"]

1. e4 d5 2. Nc3 d4 3. Nce2 e5 4. Ng3 Bd6 5. Bc4 Ne7 6. Nf3 0-0 7. 0-0 Nbc6 8. a3 Na5 9. Ba2 c5 10. c3 b5 11. d3 Bg4 12. h3 Bd7 13. Bd2 Nac6 14. Ng5 h6 15. Nf3 Qc8 16. Kh2 Be6 17. Bxe6 Qxe6 18. Nh4 dxc3 19. bxc3 c4 20. Qe2 Rfd8 21. a4 cxd3 22. Qxd3 b4 23. Nhf5 Nxf5 24. exf5 Qc8 25. Rfd1 bxc3 26. Qxc3 Nd4 27. Qd3 Qc6 28. Ne4 Be7 29. Rdc1 Qd5 30. f6 Bf8 31. fxg7 Bxg7 32. Bxh6 f5 33. Nc3 Nf3+ 34. Qxf3 Qxf3 35. gxf3 Bxh6 36. Rd1 Rac8 37. Rxd8+ Rxd8 38. Rd1 Rc8 39. Nd5 Kf7 40. Ne3 Ke6 41. Rg1 Bf4+ 42. Kg2 Rc3 43. Rb1 1/2-1/2

[Event "CZE-chT1E 1314"]
[Site "Czech Republic"]
[Date "2013.11.24"]
[Round "3.5"]
[White "Majer, Jiri"]
[Black "Malivanek, Jiri"]
[Result "1/2-1/2"]
[WhiteElo "2201"]
[BlackElo "2163"]
[PlyCount "63"]
[EventDate "2013.10.20"]
[EventType "team-tourn"]
[EventRounds "11"]
[EventCountry "CZE"]
[SourceTitle "EXT 2015"]
[Source "ChessBase"]
[SourceDate "2014.11.20"]
[SourceVersion "1"]
[SourceVersionDate "2014.11.20"]
[SourceQuality "1"]
[WhiteTeam "Brno Duras"]
[BlackTeam "Chrudim"]
[WhiteTeamCountry "CZE"]
[BlackTeamCountry "CZE"]

1. d4 Nf6 2. Nf3 e6 3. g3 c5 4. Bg2 Nc6 5. c4 Qb6 6. d5 Nd4 7. Nc3 Nxf3+ 8. Bxf3 e5 9. 0-0 d6 10. Bg2 Bd7 11. a3 Be7 12. e4 0-0 13. Qc2 Ne8 14. f4 g6 15. fxe5 dxe5 16. Bh6 Ng7 17. Rf2 Qd8 18. Qd2 Bd6 19. Raf1 f6 20. Be3 a6 21. a4 b6 22. b3 Rb8 23. Ra1 Qc7 24. Qe2 f5 25. Bh6 f4 26. Raf1 Rbe8 27. Qb2 Bc8 28. Ne2 Bg4 29. Bf3 Bh3 30. Bg2 Bg4 31. Bf3 Bh3 32. Bg2 1/2-1/2

[Event "CZE-chT1E 1314"]
[Site "Czech Republic"]
[Date "2013.11.23"]
[Round "5.7"]
[White "Vrana, Frantisek"]
[Black "Malivanek, Jiri"]
[Result "1-0"]
[WhiteElo "2261"]
[BlackElo "2163"]
[PlyCount "115"]
[EventDate "2013.10.20"]
[EventType "team-tourn"]
[EventRounds "11"]
[EventCountry "CZE"]
[SourceTitle "EXT 2015"]
[Source "ChessBase"]
[SourceDate "2014.11.20"]
[SourceVersion "1"]
[SourceVersionDate "2014.11.20"]
[SourceQuality "1"]
[WhiteTeam "Stare Mesto"]
[BlackTeam "Chrudim"]
[WhiteTeamCountry "CZE"]
[BlackTeamCountry "CZE"]

1. e4 e6 2. d4 d5 3. Nc3 Bb4 4. e5 Qd7 5. a3 Be7 6. Nce2 b6 7. Nf4 Ba6 8. Bxa6 Nxa6 9. Qg4 Bf8 10. Nh5 f5 11. Qe2 Nb8 12. Nf3 c5 13. Nf4 Be7 14. Ng5 Bxg5 15. Qh5+ Kf8 16. Qxg5 cxd4 17. 0-0 Nc6 18. Re1 Nh6 19. Qg3 Rc8 20. Nh5 Ng8 21. Bd2 Qf7 22. Nf4 Nge7 23. h4 Ng6 24. Nd3 Ke8 25. b4 Rf8 26. Qh3 Nge7 27. a4 Rg8 28. a5 b5 29. Nc5 Rc7 30. a6 Nc8 31. Qd3 h6 32. f4 Qe7 33. Qxb5 Kf7 34. h5 Nb6 35. Qe2 Nc4 36. Nd3 Ne3 37. Bxe3 dxe3 38. c3 d4 39. b5 Nb8 40. cxd4 Rd8 41. Ra4 Nd7 42. d5 exd5 43. Qxe3 Nb6 44. Ra2 d4 45. Qf2 Nd5 46. e6+ Kg8 47. Ne5 Rd6 48. Nc6 Qf6 49. Nxd4 Ne7 50. Rd2 Rc4 51. Nc6 Rxe6 52. Rxe6 Qxe6 53. Re2 Re4 54. Rxe4 fxe4 55. f5 Qd7 56. Qd4 Qxd4+ 57. Nxd4 Nd5 58. Nc6 1-0

[Event "CZE-chT2D 1314"]
[Site "Czech Republic"]
[Date "2013.11.03"]
[Round "1.3"]
[White "Jedlicka, Lubos"]
[Black "Malivanek, Jiri"]
[Result "1-0"]
[WhiteElo "2182"]
[BlackElo "2163"]
[PlyCount "251"]
[EventDate "2013.11.03"]
[EventType "team-tourn"]
[EventRounds "11"]
[EventCountry "CZE"]
[SourceTitle "EXT 2016"]
[Source "ChessBase"]
[SourceDate "2015.10.08"]
[SourceVersion "1"]
[SourceVersionDate "2015.10.08"]
[SourceQuality "1"]
[WhiteTeam "Lipa"]
[BlackTeam "Pardubice AKIS"]
[WhiteTeamCountry "CZE"]
[BlackTeamCountry "CZE"]

1. c4 Nf6 2. g3 c5 3. Bg2 d5 4. cxd5 Nxd5 5. Nc3 Nb6 6. Nf3 Nc6 7. d3 e5 8. Be3 Be7 9. Rc1 Nd7 10. Qa4 0-0 11. 0-0 Nd4 12. Bxd4 cxd4 13. Nd5 Bd6 14. Nd2 a6 15. Ne4 Nb6 16. Qa5 Nxd5 17. Qxd5 Bb8 18. Qxd8 Rxd8 19. Rc2 Ra7 20. Rfc1 Bf5 21. Nc5 b6 22. Na4 b5 23. Nb6 Kf8 24. Rc6 Be6 25. Nc8 Bxc8 26. Rxc8 Ke7 27. Bh3 Bd6 28. R1c6 Rxc8 29. Bxc8 a5 30. Ba6 b4 31. Bc4 Kd7 32. Bb5 Ke7 33. Rc8 h5 34. Kg2 Rc7 35. Re8+ Kf6 36. Bc4 a4 37. Kf3 a3 38. bxa3 bxa3 39. h4 Rc5 40. Ra8 Ke7 41. Rh8 Kf6 42. Rxh5 e4+ 43. Kg4 Rxh5 44. Kxh5 exd3 45. exd3 Bb4 46. Kg4 Bd2 47. f4 Be1 48. h5 Bf2 49. Kf3 Be3 50. Ke4 Bf2 51. g4 Ke7 52. Ke5 f6+ 53. Kf5 Be3 54. g5 fxg5 55. fxg5 Kf8 56. Kg6 Bf4 57. Bd5 Bc7 58. Kf5 Bd8 59. Be6 Be7 60. Bb3 Bd8 61. Bc4 Be7 62. h6 gxh6 63. gxh6 Bd6 64. Ke4 Bc5 65. Be6 Ba7 66. Kd5 Bb6 67. h7 Kg7 68. Bf5 Bd8 69. Kxd4 Bf6+ 70. Kc5 Kf8 71. Kb4 Bb2 72. Kc4 Bf6 73. Kb3 Bb2 74. h8Q+ Bxh8 75. Kxa3 Ke7 76. Kb4 Kd6 77. Kb5 Bd4 78. Be4 Be3 79. a4 Bd4 80. Kc4 Bb6 81. d4 Ba7 82. a5 Bb8 83. Bg2 Ba7 84. Bf3 Bb8 85. d5 Ba7 86. Kb5 Bf2 87. Ka6 Kc7 88. Bh5 Kd6 89. Bf7 Kc7 90. Be8 Be3 91. Bc6 Bf2 92. Kb5 Kd6 93. Kc4 Bg1 94. Kd3 Ke5 95. Ke2 Bc5 96. Kf3 Bb4 97. a6 Bc5 98. Kg4 Be3 99. Kh5 Kd6 100. Kg6 Ke7 101. Kf5 Kd6 102. Kf6 Bd4+ 103. Kf7 Bc5 104. Bb7 Ba7 105. Ke8 Bb6 106. Bc6 Kc7 107. Ke7 Bc5+ 108. Ke6 Bf2 109. Bb5 Bc5 110. Be2 Bb4 111. Bf3 Kb6 112. Be2 Kc7 113. Bb5 Bc5 114. Ke5 Bd6+ 115. Kf6 Bg3 116. Ke6 Bh2 117. Bf1 Bg3 118. Bg2 Kb6 119. Bf1 Kc7 120. Kf5 Bf2 121. Ke5 Bg3+ 122. Ke6 Bh2 123. Bb5 Kb6 124. d6 Bg3 125. Ke7 Bh4+ 126. Ke8 1-0